[Event "Aut_2.Bundesliga_Ost_2003/04"]
[Site "Bruck/Leitha (1+2), Wien (3+4), Eichgraben (5-7), Wien (8+9), Eichgraben (10+11)"]
[Date "2004.02.28"]
[Round "10"]
[Board "1"]
[White "Polak, Thomas"]
[Black "Videki, Sandor"]
[Result "1/2-1/2"]
[WhiteElo "2490"]
[BlackElo "2430"]
[PlyCount "35"]

1.d4 d5 2.c4 c6 3.Nf3 Nf6 4.e3 Bg4 5.Bd3 e6 6.Nbd2 Nbd7 7.Qc2 Bd6 8.b3 Qe7 9.Bb2
Bxf3 10.Nxf3 e5 11.dxe5 Nxe5 12.Nxe5 Bxe5 13.O-O Ng4 14.h3 Bxb2 15.Qxb2 Ne5
16.Rfd1 dxc4 17.Bxc4 O-O 18.Be2

[Event "Aut_2.Bundesliga_Ost_2003/04"]
[Site "Bruck/Leitha (1+2), Wien (3+4), Eichgraben (5-7), Wien (8+9), Eichgraben (10+11)"]
[Date "2004.02.28"]
[Round "10"]
[Board "2"]
[White "Gross, Stefan"]
[Black "Groetz, Harald"]
[Result "1/2-1/2"]
[WhiteElo "2290"]
[BlackElo "2359"]
[PlyCount "30"]

1.Nf3 Nf6 2.c4 c6 3.g3 g6 4.b3 Bg7 5.Bb2 O-O 6.Bg2 d5 7.Qc2 Nbd7 8.O-O Re8 9.Ne5
Nxe5 10.Bxe5 Bf5 11.d3 Qd7 12.Nd2 Bh3 13.Nf3 Bxg2 14.Kxg2 Nh5 15.Bxg7 Nxg7

[Event "Aut_2.Bundesliga_Ost_2003/04"]
[Site "Bruck/Leitha (1+2), Wien (3+4), Eichgraben (5-7), Wien (8+9), Eichgraben (10+11)"]
[Date "2004.02.28"]
[Round "10"]
[Board "3"]
[White "Chytilek, Roman"]
[Black "Neumeier, Klaus"]
[Result "0-1"]
[WhiteElo "2418"]
[BlackElo "2280"]
[PlyCount "86"]

1.d4 Nf6 2.c4 g6 3.Nc3 Bg7 4.e4 d6 5.f4 O-O 6.Nf3 Na6 7.Bd3 Bg4 8.O-O e5 9.fxe5
Nd7 10.Be3 dxe5 11.d5 f5 12.Be2 f4 13.Bf2 g5 14.b4 Nxb4 15.Rb1 Na6 16.Rxb7 Nac5
17.Rb5 Qe7 18.Qc1 a6 19.Rxc5 Bxf3 20.Bxf3 g4 21.Rxc7 gxf3 22.gxf3 Rfc8 23.Rc6
Qg5+ 24.Kh1 Qh5 25.Qd1 Bf8 26.Rg1+ Kh8 27.Rg4 Bc5 28.Qa4 Qh3 29.Bxc5 Qxf3+
30.Rg2 Rg8 31.Qc2 Nxc5 32.Qf2 Qxc3 33.Rxc5 Rxg2 34.Kxg2 Rg8+ 35.Kf1 Qc1+ 36.Ke2
Qc2+ 37.Ke1 Qxe4+ 38.Kd1 Qb1+ 39.Ke2 Qc2+ 40.Ke1 Qc1+ 41.Ke2 Qc2+ 42.Ke1 Qe4+
43.Kd1 Qh1+

[Event "Aut_2.Bundesliga_Ost_2003/04"]
[Site "Bruck/Leitha (1+2), Wien (3+4), Eichgraben (5-7), Wien (8+9), Eichgraben (10+11)"]
[Date "2004.02.28"]
[Round "10"]
[Board "4"]
[White "Hechl, Gerald"]
[Black "Hangweyrer, Manfred"]
[Result "0-1"]
[WhiteElo "2228"]
[BlackElo "2303"]
[PlyCount "92"]

1.d4 d5 2.c4 c6 3.Nf3 Nf6 4.Nc3 a6 5.e3 b5 6.b3 Bf5 7.Nh4 Be6 8.c5 Bg4 9.Be2
Bxe2 10.Qxe2 e5 11.Nf3 Nbd7 12.e4 Qa5 13.b4 Qxb4 14.Bd2 Qc4 15.exd5 Qxe2+
16.Kxe2 exd4 17.dxc6 dxc3 18.cxd7+ Nxd7 19.Bxc3 Bxc5 20.Rhd1 f6 21.Rac1 Ba3
22.Rc2 Nb6 23.Nd4 O-O 24.Nf5 Rfe8+ 25.Kf3 Rac8 26.Rdd2 Bf8 27.Bd4 Nc4 28.Re2 Kf7
29.g4 Red8 30.Bb2 g6 31.Ng3 Nxb2 32.Rxb2 Rd3+ 33.Kg2 b4 34.Ne4 a5 35.Rbc2 Rxc2
36.Rxc2 Be7 37.Kf1 a4 38.Nc5 Ra3 39.Ne4 f5 40.gxf5 gxf5 41.Nd2 Rc3 42.Rb2 a3
43.Rb1 Rc2 44.Nf3 Rxa2 45.Ne5+ Kg7 46.Nd3 Rd2

[Event "Aut_2.Bundesliga_Ost_2003/04"]
[Site "Bruck/Leitha (1+2), Wien (3+4), Eichgraben (5-7), Wien (8+9), Eichgraben (10+11)"]
[Date "2004.02.28"]
[Round "10"]
[Board "5"]
[White "Schirmbeck, Hannes"]
[Black "Wanderer, Thomas"]
[Result "0-1"]
[WhiteElo "2117"]
[BlackElo "2215"]
[PlyCount "60"]

1.e4 c5 2.Nf3 e6 3.d4 cxd4 4.Nxd4 a6 5.Be3 Nf6 6.Nd2 Be7 7.g3 O-O 8.Bg2 Qc7
9.O-O d5 10.c4 e5 11.cxd5 exd4 12.Bxd4 Bg4 13.Qb3 Nbd7 14.Rac1 Qa5 15.Nc4 Qb5
16.d6 Bd8 17.e5 Nd5 18.Qxb5 axb5 19.Bxd5 bxc4 20.f4 Bb6 21.Bxb6 Nxb6 22.Bxb7
Rxa2 23.f5 g6 24.fxg6 hxg6 25.Rf2 Ra5 26.Rf4 Be6 27.Re4 Nd7 28.Rd4 Rb8 29.Bg2
Rxb2 30.Bc6 Nxe5

[Event "Aut_2.Bundesliga_Ost_2003/04"]
[Site "Bruck/Leitha (1+2), Wien (3+4), Eichgraben (5-7), Wien (8+9), Eichgraben (10+11)"]
[Date "2004.02.28"]
[Round "10"]
[Board "6"]
[White "Wandl, Werner"]
[Black "Sadilek, Maximilian"]
[Result "1-0"]
[WhiteElo "2125"]
[BlackElo "2064"]
[PlyCount "203"]

1.e4 d5 2.exd5 Nf6 3.d4 Bg4 4.Nf3 Qxd5 5.Be2 Nc6 6.O-O O-O-O 7.c4 Qf5 8.Be3 e6
9.Qa4 Bd6 10.Nbd2 Qh5 11.h3 Bxh3 12.gxh3 Qxh3 13.Rfd1 g5 14.Bf1 Qg4+ 15.Bg2 Nh5
16.c5 Nf4 17.Bxf4 Bxf4 18.b4 h5 19.b5 h4 20.Kf1 h3 21.Bh1 Ne7 22.Qxa7 Kd7
23.Qxb7 Ke8 24.Nc4 Nd5 25.b6 Qf5 26.bxc7 Bxc7 27.Qc6+ Kf8 28.Ke1 g4 29.Nfe5 Bxe5
30.Nxe5 g3 31.fxg3 Qg5 32.Rd3 Nb4 33.Qf3 Nxd3+ 34.Nxd3 Rxd4 35.Ke2 Kg7 36.Rf1 f5
37.Qb7+ Kf6 38.Qb2 Rhd8 39.Rf4 e5 40.Rxd4 Rxd4 41.Qb6+ Kg7 42.Qc7+ Kf8 43.Qxe5
Rd8 44.Qh8+ Kf7 45.Qh7+ Kf8 46.Nf4 Qe7+ 47.Qxe7+ Kxe7 48.Nxh3 Rc8 49.c6 Rh8
50.Nf2 Ra8 51.Bd5 Kd6 52.Bb3 Kxc6 53.Ke3 Kd6 54.Kf4 Ra5 55.Nd1 Ke7 56.Ne3 Kf6
57.a4 Rc5 58.Bc2 Ra5 59.Nxf5 Rc5 60.Ne3 Ra5 61.g4 Rc5 62.Be4 Ke6 63.g5 Kf7
64.Bd3 Kg7 65.Nc4 Rd5 66.Be2 Kg6 67.Ne5+ Kg7 68.Bb5 Rd2 69.a5 Rd5 70.Bd3 Rxa5
71.Bf5 Ra1 72.Nf3 Ra4+ 73.Be4 Ra5 74.Nd4 Ra4 75.Ne6+ Kf7 76.Nc5 Ra5 77.g6+ Kf6
78.Nd7+ Kg7 79.Bf5 Ra6 80.Kg5 Rd6 81.Nc5 Rxg6+ 82.Bxg6 Kf8 83.Kf6 Kg8 84.Nd7 Kh8
85.Ne5 Kg8 86.Nf7 Kf8 87.Bh7 Ke8 88.Ne5 Kf8 89.Nd7+ Ke8 90.Ke6 Kd8 91.Kd6 Ke8
92.Bg8 Kd8 93.Bf7 Kc8 94.Nc5 Kd8 95.Nb7+ Kc8 96.Kc6 Kb8 97.Kb6 Kc8 98.Be6+ Kb8
99.Nc5 Ka8 100.Bc8 Kb8 101.Ba6 Ka8 102.Bb7+

[Event "Aut_2.Bundesliga_Ost_2003/04"]
[Site "Bruck/Leitha (1+2), Wien (3+4), Eichgraben (5-7), Wien (8+9), Eichgraben (10+11)"]
[Date "2004.02.29"]
[Round "11"]
[Board "1"]
[White "Videki, Sandor"]
[Black "Likavsky, Tomas"]
[Result "0-1"]
[WhiteElo "2430"]
[BlackElo "2472"]
[PlyCount "125"]

1.e4 c5 2.Nf3 e6 3.d4 cxd4 4.Nxd4 a6 5.Bd3 Bc5 6.Nb3 Ba7 7.Nc3 Nc6 8.O-O Nf6
9.Qe2 d6 10.Be3 b5 11.Kh1 Bxe3 12.Qxe3 Bb7 13.a4 b4 14.Na2 O-O 15.Nd4 Nxd4
16.Qxd4 a5 17.c3 e5 18.Qe3 d5 19.cxb4 dxe4 20.Bc4 Rc8 21.b3 axb4 22.Nxb4 Qe7
23.Qe1 Rfd8 24.Nc2 Nd5 25.Rd1 Nb6 26.Ne3 Nxc4 27.Nxc4 Rd4 28.Qa5 Qc5 29.Qxc5
Rxc5 30.Nxe5 Rxd1 31.Rxd1 g6 32.Nc4 Bd5 33.Rd4 f5 34.Kg1 Kf7 35.Kf1 Ke6 36.Ke2
f4 37.Kd2 g5 38.Kc3 h5 39.Kb4 Rc7 40.a5 Rf7 41.Nb6 e3 42.fxe3 fxe3 43.Rd3 Bxg2
44.Rxe3+ Kf5 45.Kb5 g4 46.a6 Rg7 47.Nc4 h4 48.Re8 h3 49.Rf8+ Kg5 50.Ne3 g3
51.Nf1 Bxf1+ 52.Rxf1 g2 53.Ra1 Kf4 54.b4 g1=Q 55.Rxg1 Rxg1 56.a7 Ra1 57.Kb6 Kf3
58.Kb7 Kg2 59.b5 Kxh2 60.b6 Kg1 61.Kc8 h2 62.b7 h1=Q 63.b8=Q

[Event "Aut_2.Bundesliga_Ost_2003/04"]
[Site "Bruck/Leitha (1+2), Wien (3+4), Eichgraben (5-7), Wien (8+9), Eichgraben (10+11)"]
[Date "2004.02.29"]
[Round "11"]
[Board "2"]
[White "Antal, Gergely"]
[Black "Gross, Stefan"]
[Result "1-0"]
[WhiteElo "2498"]
[BlackElo "2290"]
[PlyCount "190"]

1.e4 c5 2.Nf3 d6 3.d4 cxd4 4.Nxd4 Nf6 5.Nc3 Nc6 6.Bg5 Qb6 7.Nb3 e6 8.Bd3 Be7
9.O-O O-O 10.a4 Qc7 11.a5 Rd8 12.Qe2 d5 13.exd5 Nxd5 14.Nxd5 Rxd5 15.Bxe7 Qxe7
16.Be4 Rd8 17.a6 Rb8 18.Qc4 Qb4 19.Ra4 Qd6 20.axb7 Bxb7 21.Qc3 Ne7 22.Rd4 Bd5
23.Qh3 f5 24.Bxd5 Nxd5 25.Rfd1 Qc7 26.Qd3 Rdc8 27.Rd2 Nf6 28.f3 Qb6 29.Kh1 Nd5
30.h3 Nb4 31.Qe2 Nxc2 32.Rxc2 Qxb3 33.Rxc8+ Rxc8 34.Qe5 Qb6 35.Rd7 Rc1+ 36.Kh2
Qg1+ 37.Kg3 Qe1+ 38.Qxe1 Rxe1 39.Rxa7 e5 40.Rb7 Re2 41.h4 h5 42.b4 Rb2 43.Rb5
Kf7 44.Rxe5 Rxb4 45.Rxf5+ Kg6 46.Rf4 Rb2 47.Re4 Kf6 48.Re1 Kf5 49.Rf1 Ra2 50.Rf2
Ra4 51.Rb2 Ra5 52.Kf2 Ra4 53.g3 Ra3 54.Ke2 g6 55.Rd2 Ke5 56.Rc2 Rb3 57.Rc5+ Kf6
58.Rc6+ Kf5 59.Rd6 Ra3 60.Rd3 Ra2+ 61.Ke3 Ra5 62.Kd4 Ra2 63.Ke3 Ra5 64.Rb3 Ra4
65.Rb5+ Kf6 66.Rd5 Ke6 67.Rd4 Ra5 68.Re4+ Kf5 69.Kd4 Kf6 70.Re3 Ra1 71.Ke4 Ra4+
72.Kd5 Ra1 73.Re6+ Kf7 74.Re4 Kf6 75.Rf4+ Kg7 76.Rc4 Kf6 77.g4 hxg4 78.fxg4 Rh1
79.Rf4+ Kg7 80.g5 Ra1 81.Rc4 Rd1+ 82.Rd4 Ra1 83.Ke6 Re1+ 84.Kd7 Ra1 85.Kd8 Re1
86.Rd7+ Kf8 87.Rd4 Kf7 88.Kc7 Ra1 89.Kd6 Ra6+ 90.Ke5 Re6+ 91.Kd5 Ra6 92.Rf4+ Kg7
93.Rc4 Kf7 94.Rc7+ Kf8 95.Rd7 Ke8

[Event "Aut_2.Bundesliga_Ost_2003/04"]
[Site "Bruck/Leitha (1+2), Wien (3+4), Eichgraben (5-7), Wien (8+9), Eichgraben (10+11)"]
[Date "2004.02.29"]
[Round "11"]
[Board "3"]
[White "Neumeier, Klaus"]
[Black "Manik, Mikulas"]
[Result "0-1"]
[WhiteElo "2280"]
[BlackElo "2493"]
[PlyCount "116"]

1.e4 c5 2.Nf3 e6 3.c3 Nf6 4.e5 Nd5 5.d4 cxd4 6.cxd4 d6 7.Bc4 Nb6 8.Bb3 dxe5
9.Nxe5 Nc6 10.Nf3 Be7 11.O-O Bf6 12.Be3 Na5 13.Bc2 Nac4 14.Qe2 Bd7 15.Bd3 Rc8
16.Nc3 O-O 17.Ne4 Nxe3 18.Nxf6+ Qxf6 19.fxe3 Nd5 20.Ne5 Qe7 21.Rf3 g6 22.Raf1 f5
23.e4 Nb4 24.exf5 exf5 25.Bc4+ Kg7 26.Qd2 Nc6 27.Bb3 Nxe5 28.dxe5 Bb5 29.Re1
Rfd8 30.Qf4 Bc6 31.Rh3 h5 32.Rc3 Be4 33.Rec1 Rc6 34.Ba4 Rxc3 35.Rxc3 g5 36.Qc1
Kg6 37.h4 gxh4 38.Rc7 Qxe5 39.Bb3 Rf8 40.Qc4 Bc6 41.Qb4 Rd8 42.Re7 Qd4+ 43.Qxd4
Rxd4 44.Re2 Rg4 45.Kh2 Re4 46.Rd2 Re5 47.a3 Kg5 48.Bc2 Re1 49.Bd1 Rf1 50.b4 b5
51.Rd3 Rf2 52.Rd8 Rxg2+ 53.Kh3 Rg3+ 54.Kh2 Rxa3 55.Rg8+ Kf4 56.Bxh5 Ra1 57.Bd1
Rxd1 58.Rg4+ Ke5

[Event "Aut_2.Bundesliga_Ost_2003/04"]
[Site "Bruck/Leitha (1+2), Wien (3+4), Eichgraben (5-7), Wien (8+9), Eichgraben (10+11)"]
[Date "2004.02.29"]
[Round "11"]
[Board "4"]
[White "Todor, Razvan"]
[Black "Hechl, Gerald"]
[Result "1/2-1/2"]
[WhiteElo "2223"]
[BlackElo "2228"]
[PlyCount "20"]

1.e4 c5 2.Nc3 Nc6 3.g3 g6 4.Bg2 Bg7 5.Nge2 d6 6.d3 e5 7.Nd5 h6 8.c3 Nge7 9.Nxe7
Qxe7 10.O-O O-O

[Event "Aut_2.Bundesliga_Ost_2003/04"]
[Site "Bruck/Leitha (1+2), Wien (3+4), Eichgraben (5-7), Wien (8+9), Eichgraben (10+11)"]
[Date "2004.02.29"]
[Round "11"]
[Board "5"]
[White "Wanderer, Thomas"]
[Black "Plank, Franz"]
[Result "1-0"]
[WhiteElo "2215"]
[BlackElo "2236"]
[PlyCount "29"]

1.e4 d5 2.exd5 Qxd5 3.Nc3 Qa5 4.d4 Nf6 5.Bc4 c6 6.Nf3 Bf5 7.O-O e6 8.Re1 Nbd7
9.h3 h6 10.Bf4 Be7 11.a3 Qd8 12.Qe2 Nd5 13.Bxd5 cxd5 14.Nxd5 exd5 15.Bc7

[Event "Aut_2.Bundesliga_Ost_2003/04"]
[Site "Bruck/Leitha (1+2), Wien (3+4), Eichgraben (5-7), Wien (8+9), Eichgraben (10+11)"]
[Date "2004.02.29"]
[Round "11"]
[Board "6"]
[White "Allacher, Erwin"]
[Black "Mayr, Thomas"]
[Result "1-0"]
[WhiteElo "2174"]
[BlackElo "2106"]
[PlyCount "109"]

1.d4 d5 2.Nf3 Nf6 3.c4 c6 4.e3 e6 5.Bd3 Nbd7 6.O-O Be7 7.Nc3 O-O 8.e4 dxe4
9.Nxe4 Re8 10.Re1 Nf8 11.Qc2 Nxe4 12.Bxe4 Bf6 13.Be3 Qa5 14.Bd2 Qh5 15.Re3 c5
16.dxc5 Qxc5 17.Rb1 e5 18.b4 Qc7 19.Ra3 Bg4 20.h3 Bh5 21.Be3 Bg6 22.c5 Ne6
23.Bxg6 hxg6 24.Qc4 Red8 25.b5 Rdc8 26.Rxa7 Rxa7 27.b6 Ra4 28.Qxa4 Qc6 29.Qxc6
Rxc6 30.Rc1 Nd4 31.Nxd4 exd4 32.Bd2 Be7 33.Bb4 Bd8 34.Rd1 Bf6 35.Kf1 Kf8 36.Ke2
Ke8 37.Kd3 Kd7 38.Kc4 Re6 39.Kb5 Re2 40.Rd2 Re6 41.Bc3 Re4 42.f3 Rf4 43.Bb2 Kc8
44.Rd3 Be5 45.a4 Rf6 46.Bxd4 Re6 47.Bxe5 Rxe5 48.Rd2 Re1 49.Rb2 Rc1 50.a5 g5
51.a6 bxa6+ 52.Kxa6 Re1 53.b7+ Kb8 54.Kb6 Re7 55.c6

[Event "Aut_2.Bundesliga_Ost_2003/04"]
[Site "Bruck/Leitha (1+2), Wien (3+4), Eichgraben (5-7), Wien (8+9), Eichgraben (10+11)"]
[Date "2004.02.29"]
[Round "11"]
[Board "1"]
[White "Varga, Zoltan"]
[Black "Polak, Thomas"]
[Result "1/2-1/2"]
[WhiteElo "2564"]
[BlackElo "2490"]
[PlyCount "58"]

1.e4 c6 2.c4 d5 3.cxd5 cxd5 4.exd5 Nf6 5.Bb5+ Nbd7 6.Nc3 a6 7.Be2 Nb6 8.d4 Nbxd5
9.Nf3 e6 10.O-O Be7 11.Ne5 O-O 12.Qb3 Qb6 13.Nxd5 Nxd5 14.Qxb6 Nxb6 15.Bd2 Rd8
16.Ba5 Rxd4 17.Bxb6 Re4 18.Nc4 Rxe2 19.Bc7 b5 20.Nb6 Bb7 21.Nxa8 Bxa8 22.Rfe1
Rxb2 23.Rac1 h6 24.Be5 Rd2 25.Rc7 Kf8 26.a3 g5 27.Ra7 Rd8 28.Rxa6 Bd5 29.h3 Rc8

[Event "Aut_2.Bundesliga_Ost_2003/04"]
[Site "Bruck/Leitha (1+2), Wien (3+4), Eichgraben (5-7), Wien (8+9), Eichgraben (10+11)"]
[Date "2004.02.29"]
[Round "11"]
[Board "2"]
[White "Groetz, Harald"]
[Black "Vavrak, Peter"]
[Result "1/2-1/2"]
[WhiteElo "2359"]
[BlackElo "2338"]
[PlyCount "21"]

1.e4 e6 2.d4 d5 3.Nd2 Be7 4.Ngf3 Nf6 5.Bd3 c5 6.e5 Nfd7 7.c3 Nc6 8.O-O g5 9.dxc5
Ndxe5 10.Bb5 Ng6 11.c4

[Event "Aut_2.Bundesliga_Ost_2003/04"]
[Site "Bruck/Leitha (1+2), Wien (3+4), Eichgraben (5-7), Wien (8+9), Eichgraben (10+11)"]
[Date "2004.02.29"]
[Round "11"]
[Board "3"]
[White "Krpelan, Wolfgang"]
[Black "Chytilek, Roman"]
[Result "1/2-1/2"]
[WhiteElo "2232"]
[BlackElo "2418"]
[PlyCount "54"]

1.e4 e6 2.d4 d5 3.Nc3 Bb4 4.Nge2 Nf6 5.e5 Nfd7 6.a3 Be7 7.Be3 c5 8.f4 Nc6 9.dxc5
Nxc5 10.b4 Nd7 11.Nd4 a5 12.b5 Nxd4 13.Bxd4 Qc7 14.Be2 Bc5 15.O-O Qb6 16.Bf2 O-O
17.Na4 Bxf2+ 18.Rxf2 Qc7 19.Qd4 f6 20.Raf1 Re8 21.Bd3 f5 22.h3 b6 23.Bxf5 exf5
24.Qxd5+ Kf8 25.e6 Ra7 26.exd7 Bxd7 27.Rc1 Re4

[Event "Aut_2.Bundesliga_Ost_2003/04"]
[Site "Bruck/Leitha (1+2), Wien (3+4), Eichgraben (5-7), Wien (8+9), Eichgraben (10+11)"]
[Date "2004.02.29"]
[Round "11"]
[Board "4"]
[White "Hangweyrer, Manfred"]
[Black "Ranits, Franz"]
[Result "1/2-1/2"]
[WhiteElo "2303"]
[BlackElo "2250"]
[PlyCount "100"]

1.Nf3 g6 2.e4 Bg7 3.d4 c6 4.c3 d5 5.Nbd2 Nh6 6.Be2 O-O 7.O-O Nd7 8.Re1 Re8 9.Qb3
Qb6 10.exd5 Qxb3 11.axb3 cxd5 12.Bb5 Nf5 13.Ne5 Rd8 14.Ndf3 f6 15.Nd3 Kf7 16.Bf4
Nd6 17.Bxd6 exd6 18.Nb4 Nb6 19.h3 Bh6 20.Re2 a6 21.Bd3 Bd7 22.Ra5 Rac8 23.Nh2
Re8 24.Ng4 Bc1 25.Ne3 Bc6 26.Ra1 Bxe3 27.Rxe3 Rxe3 28.fxe3 Ke6 29.Bxa6 Ra8
30.Nxc6 bxc6 31.Ra3 Kd7 32.Kf2 Kc7 33.Bd3 Kb7 34.Rxa8 Kxa8 35.h4 Nc8 36.e4 dxe4
37.Bxe4 Ne7 38.c4 Ka7 39.Ke2 Kb6 40.Kd2 Ka5 41.Kc3 c5 42.g3 h6 43.d5 g5 44.hxg5
hxg5 45.g4 Ng8 46.Bf5 Ne7 47.Bh7 Nc8 48.Be4 Ne7 49.Bc2 Ng8 50.Bf5 Ne7

[Event "Aut_2.Bundesliga_Ost_2003/04"]
[Site "Bruck/Leitha (1+2), Wien (3+4), Eichgraben (5-7), Wien (8+9), Eichgraben (10+11)"]
[Date "2004.02.29"]
[Round "11"]
[Board "5"]
[White "Kocsisek, Marcus"]
[Black "Schirmbeck, Hannes"]
[Result "1-0"]
[WhiteElo "2215"]
[BlackElo "2117"]
[PlyCount "47"]

1.d4 Nf6 2.c4 c6 3.Nc3 d5 4.Nf3 Bf5 5.cxd5 cxd5 6.Qb3 b6 7.Bg5 e6 8.e4 Bxe4
9.Bb5+ Ke7 10.Ne5 a6 11.Bd7 Qc7 12.Nxe4 Nbxd7 13.Rc1 Qxc1+ 14.Bxc1 Nxe4 15.O-O
Nxe5 16.dxe5 b5 17.Be3 Kd7 18.Rc1 Be7 19.f3 Ng5 20.h4 Nxf3+ 21.gxf3 Bxh4 22.Qb4
Be7 23.Rc7+ Kxc7 24.Qxe7+

[Event "Aut_2.Bundesliga_Ost_2003/04"]
[Site "Bruck/Leitha (1+2), Wien (3+4), Eichgraben (5-7), Wien (8+9), Eichgraben (10+11)"]
[Date "2004.02.29"]
[Round "11"]
[Board "6"]
[White "Sadilek, Maximilian"]
[Black "Galavics, Hermann"]
[Result "1/2-1/2"]
[WhiteElo "2064"]
[BlackElo "2086"]
[PlyCount "103"]

1.e4 e6 2.d4 d5 3.Nc3 dxe4 4.Nxe4 Nd7 5.Nf3 Ngf6 6.Bg5 Be7 7.Nxf6+ Bxf6 8.h4 h6
9.Bxf6 Qxf6 10.Qd2 c5 11.O-O-O O-O 12.Qe3 cxd4 13.Rxd4 e5 14.Re4 b6 15.Nxe5 Nxe5
16.Rxe5 Bf5 17.c3 Bh7 18.h5 Rad8 19.f4 Qc6 20.f5 Qa4 21.Bd3 Qxa2 22.Bb1 Qa4
23.Re1 Qg4 24.Qf3 Qg5+ 25.Qe3 Qg4 26.Bc2 f6 27.Re4 Qxf5 28.g4 Qg5 29.Qxg5 fxg5
30.Bb3+ Kh8 31.Re7 a5 32.Rb7 Rb8 33.Ree7 Rxb7 34.Rxb7 Bg8 35.Bxg8 Kxg8 36.Rxb6
Rf4 37.Kc2 Rxg4 38.Kd3 Kf7 39.c4 Rf4 40.c5 Rb4 41.Kc3 g4 42.Rg6 Rb5 43.c6 g3
44.Kc4 Rxb2 45.Rxg3 Rc2+ 46.Kd5 Ke7 47.Rxg7+ Kd8 48.Kd6 Rd2+ 49.Kc5 a4 50.Kb4
Rd5 51.Kxa4 Rxh5 52.Rh7

[Event "Aut_2.Bundesliga_Ost_2003/04"]
[Site "Bruck/Leitha (1+2), Wien (3+4), Eichgraben (5-7), Wien (8+9), Eichgraben (10+11)"]
[Date "2004.02.29"]
[Round "11"]
[Board "1"]
[White "Plachetka, Jan"]
[Black "Palkoevi, Jozsef"]
[Result "1/2-1/2"]
[WhiteElo "2457"]
[BlackElo "2428"]
[PlyCount "73"]

1.c4 c5 2.Nf3 Nf6 3.Nc3 Nc6 4.g3 d5 5.cxd5 Nxd5 6.Bg2 Nc7 7.a3 g6 8.b4 cxb4
9.axb4 Bg7 10.Ba3 a6 11.O-O O-O 12.e3 Be6 13.d4 Nd5 14.Nxd5 Bxd5 15.Rc1 Qb6
16.Rc5 Rfd8 17.Qb1 Na7 18.e4 Be6 19.d5 Bg4 20.Nd2 Nb5 21.Nc4 Qa7 22.Bb2 Nd4
23.Rc7 Rac8 24.Rxc8 Rxc8 25.Ne3 Bd7 26.h3 Qb6 27.Kh2 Qb5 28.Rd1 Qb6 29.Ba1 h5
30.Qd3 Nb5 31.Bxg7 Kxg7 32.Rd2 Rc3 33.Qb1 h4 34.gxh4 Qf6 35.Qb2 Kf8 36.Rc2 Qf4+
37.Kg1

[Event "Aut_2.Bundesliga_Ost_2003/04"]
[Site "Bruck/Leitha (1+2), Wien (3+4), Eichgraben (5-7), Wien (8+9), Eichgraben (10+11)"]
[Date "2004.02.29"]
[Round "11"]
[Board "2"]
[White "Rumpl, Erwin"]
[Black "Staudner, Oliver"]
[Result "1/2-1/2"]
[WhiteElo "2254"]
[BlackElo "2359"]
[PlyCount "85"]

1.g3 e5 2.c4 f5 3.Bg2 Nf6 4.Nc3 Bb4 5.Nf3 Bxc3 6.bxc3 d6 7.Rb1 c5 8.O-O Nc6 9.d3
O-O 10.Bg5 Qc7 11.Bxf6 Rxf6 12.Nd2 b6 13.e3 Bb7 14.Bd5+ Kh8 15.f4 Ne7 16.Bxb7
Qxb7 17.Qf3 Qxf3 18.Rxf3 exf4 19.exf4 Re6 20.Kf2 Nc6 21.Re3 Rxe3 22.Kxe3 Re8+
23.Kf2 Kg8 24.Nf1 Kf7 25.Ne3 g6 26.Nd5 Ne7 27.a4 Rb8 28.Ke3 Ke6 29.Nxe7 Kxe7
30.d4 Kd7 31.Kd3 Re8 32.a5 Kc6 33.d5+ Kb7 34.axb6 a6 35.h3 Re4 36.Rb2 Re1 37.Re2
Rxe2 38.Kxe2 Kxb6 39.Kd3 h6 40.Kc2 Kc7 41.Kb3 g5 42.h4 gxf4 43.gxf4

[Event "Aut_2.Bundesliga_Ost_2003/04"]
[Site "Bruck/Leitha (1+2), Wien (3+4), Eichgraben (5-7), Wien (8+9), Eichgraben (10+11)"]
[Date "2004.02.29"]
[Round "11"]
[Board "3"]
[White "Schumi, Manfred"]
[Black "Gugler, Edgar"]
[Result "1/2-1/2"]
[WhiteElo "2220"]
[BlackElo "2242"]
[PlyCount "28"]

1.e4 c6 2.c4 d5 3.exd5 cxd5 4.cxd5 Nf6 5.Qa4+ Nbd7 6.Nc3 g6 7.Nf3 Bg7 8.Qb3 O-O
9.Bc4 a6 10.a4 Qa5 11.Ra3 Nc5 12.Qd1 Bf5 13.O-O Bd3 14.Bxd3 Nxd3

[Event "Aut_2.Bundesliga_Ost_2003/04"]
[Site "Bruck/Leitha (1+2), Wien (3+4), Eichgraben (5-7), Wien (8+9), Eichgraben (10+11)"]
[Date "2004.02.29"]
[Round "11"]
[Board "5"]
[White "Vokroj, Rene"]
[Black "Waller, Helmut"]
[Result "1-0"]
[WhiteElo "2257"]
[BlackElo "2115"]
[PlyCount "65"]

1.e4 c5 2.Nf3 e6 3.d3 d5 4.Nbd2 Nc6 5.g3 Nf6 6.Bg2 dxe4 7.dxe4 e5 8.c3 Be7 9.O-O
O-O 10.Qe2 Qc7 11.Nh4 Re8 12.Nc4 Bg4 13.f3 Be6 14.f4 Bg4 15.Qf2 Be6 16.Ne3 Rad8
17.f5 Bc8 18.g4 b6 19.g5 Nh5 20.Nd5 Qd6 21.f6 gxf6 22.gxf6 Bf8 23.Kh1 Kh8 24.Rg1
Be6 25.Qf3 Nf4 26.Nxf4 exf4 27.Bxf4 Qd3 28.Qh5 Bc4 29.Rae1 Qd7 30.Bh3 Be6 31.Qg5
Bh6 32.Qxh6 Rg8 33.Rg7

[Event "Aut_2.Bundesliga_Ost_2003/04"]
[Site "Bruck/Leitha (1+2), Wien (3+4), Eichgraben (5-7), Wien (8+9), Eichgraben (10+11)"]
[Date "2004.02.29"]
[Round "11"]
[Board "6"]
[White "Wadsack, Winfried"]
[Black "Rogetzer, Klaus"]
[Result "0-1"]
[WhiteElo "2146"]
[BlackElo "2119"]
[PlyCount "52"]

1.e4 c6 2.d4 d5 3.exd5 cxd5 4.c4 Nf6 5.Nc3 Nc6 6.Bg5 Be6 7.Nf3 Ne4 8.c5 Bg4
9.Be3 Qa5 10.Bd2 Nxd2 11.Qxd2 Bxf3 12.gxf3 e6 13.Bh3 b6 14.cxb6 Qxb6 15.O-O-O
Rb8 16.Na4 Qa6 17.Nc3 Be7 18.Qe3 O-O 19.Rhg1 Na5 20.Bf1 Qb6 21.Rd2 Rfc8 22.Kd1
Rxc3 23.Qh6 g6 24.bxc3 Qb1+ 25.Ke2 Nc4 26.f4 Qe4+

[Event "Aut_2.Bundesliga_Ost_2003/04"]
[Site "Bruck/Leitha (1+2), Wien (3+4), Eichgraben (5-7), Wien (8+9), Eichgraben (10+11)"]
[Date "2004.02.29"]
[Round "11"]
[Board "1"]
[White "Blatny, Pavel"]
[Black "Pingitzer, Harald"]
[Result "1-0"]
[WhiteElo "2452"]
[BlackElo "2381"]
[PlyCount "62"]

1.f4 g6 2.e3 Bg7 3.Nf3 d6 4.d4 c5 5.c3 Nf6 6.dxc5 dxc5 7.Qxd8+ Kxd8 8.Nbd2 Nc6
9.Bc4 e6 10.a4 b6 11.e4 Bb7 12.O-O Na5 13.Bd3 c4 14.Bc2 Bf8 15.Ne5 Bc5+ 16.Kh1
Ke7 17.Re1 Ba6 18.Ndf3 Rad8 19.f5 Nd7 20.fxg6 hxg6 21.Bg5+ f6 22.Nxg6+ Ke8
23.Nxh8 fxg5 24.e5 g4 25.Ng5 Nf8 26.Rad1 Rxd1 27.Bxd1 g3 28.hxg3 Bf2 29.Rf1 Bxg3
30.Bh5+ Kd7 31.Rf7+ Kc6

[Event "Aut_2.Bundesliga_Ost_2003/04"]
[Site "Bruck/Leitha (1+2), Wien (3+4), Eichgraben (5-7), Wien (8+9), Eichgraben (10+11)"]
[Date "2004.02.29"]
[Round "11"]
[Board "2"]
[White "Schneider-Zinner, Harald"]
[Black "Penz, Harald"]
[Result "1/2-1/2"]
[WhiteElo "2347"]
[BlackElo "2307"]
[PlyCount "86"]

1.d4 d5 2.Nf3 Nf6 3.c4 c5 4.cxd5 cxd4 5.Nxd4 Nxd5 6.e4 Nb4 7.Qa4+ N8c6 8.Be3 e5
9.Nxc6 Nxc6 10.Nc3 Bb4 11.Bb5 Bd7 12.Rd1 O-O 13.O-O Bxc3 14.bxc3 a6 15.Bd3 Qc7
16.Qa3 Be6 17.Rb1 b5 18.Qc5 Bxa2 19.Rb2 Be6 20.c4 bxc4 21.Bxc4 Bxc4 22.Qxc4 Rfc8
23.Rfb1 Nd4 24.Qxc7 Rxc7 25.Bxd4 exd4 26.Rb8+ Rc8 27.Rxa8 Rxa8 28.Kf1 a5 29.Ra1
g5 30.Ke2 Kg7 31.Kd3 Kf6 32.Kxd4 a4 33.Ra3 Ke6 34.f3 h5 35.g3 Kd6 36.f4 gxf4
37.gxf4 Kc6 38.Ke5 Re8+ 39.Kf5 Kb5 40.e5 Re6 41.Kg5 Kb4 42.Ra1 a3 43.Kxh5 Kb3

[Event "Aut_2.Bundesliga_Ost_2003/04"]
[Site "Bruck/Leitha (1+2), Wien (3+4), Eichgraben (5-7), Wien (8+9), Eichgraben (10+11)"]
[Date "2004.02.29"]
[Round "11"]
[Board "3"]
[White "Komora, Andrej"]
[Black "Kummer, Helmut"]
[Result "1-0"]
[WhiteElo "2298"]
[BlackElo "2337"]
[PlyCount "77"]

1.e4 e5 2.Nc3 Nf6 3.f4 d5 4.fxe5 Nxe4 5.Nf3 Bc5 6.d4 Bb4 7.Bd2 Nc6 8.Bb5 Bxc3
9.Bxc3 O-O 10.O-O Nxc3 11.bxc3 Bf5 12.Qd2 Qe7 13.Rae1 Nd8 14.Qf2 Ne6 15.Nh4 Bxc2
16.Qxc2 Qxh4 17.Re3 Qe7 18.Bd3 h6 19.Qf2 c5 20.Qf5 g6 21.Rg3 cxd4 22.Qh5 Kg7
23.Bxg6 Ng5 24.Bf5 Rh8 25.h4 Qxe5 26.Qg4 dxc3 27.hxg5 h5 28.Qf3 d4 29.Be4 Raf8
30.Bxb7 c2 31.Qf6+ Qxf6 32.gxf6+ Kh6 33.Be4 Rc8 34.Rc1 d3 35.Rxd3 Rc4 36.Bd5 Rc5
37.Bxf7 Rf8 38.Bb3 Rxf6 39.Rxc2

[Event "Aut_2.Bundesliga_Ost_2003/04"]
[Site "Bruck/Leitha (1+2), Wien (3+4), Eichgraben (5-7), Wien (8+9), Eichgraben (10+11)"]
[Date "2004.02.29"]
[Round "11"]
[Board "4"]
[White "Sandhu, Mario"]
[Black "Hangweyrer, Roman"]
[Result "0-1"]
[WhiteElo "2338"]
[BlackElo "2214"]
[PlyCount "60"]

1.Nf3 Nf6 2.Nc3 d5 3.d4 Bf5 4.Bg5 e6 5.e3 Be7 6.Bd3 Bxd3 7.Qxd3 O-O 8.Ne5 Nbd7
9.f4 c5 10.O-O Nxe5 11.dxe5 Nd7 12.Bxe7 Qxe7 13.e4 d4 14.Ne2 f6 15.exf6 Nxf6
16.e5 Nd5 17.a4 Rf7 18.Qe4 Raf8 19.g3 g5 20.Rf3 Kh8 21.c3 gxf4 22.gxf4 Qh4
23.cxd4 cxd4 24.Raf1 Ne3 25.R1f2 Rg8+ 26.Rg3 Rfg7 27.Qf3 Nf5 28.Rxg7 Rxg7+
29.Kh1 d3 30.Nc3 Ng3+